000 00848nam a2200289 4500
001 24319
003 BD-RjUL
005 20211209001033.0
008 130314r19711966enk b 001 0aeng
020 _a0423456601
020 _a0423456709 (pbk)
035 _a(BD-RjUL)24385
040 _aDLC
_cDLC
_dDLC
_dBD-RjUL
_beng
041 _aeng
082 0 0 _a909.8208
_bSIN 1971
245 1 0 _aSince 1945 :
_cgeneral editor James L. Henderson.
_baspects of contemporary world history /
250 _a2nd ed.
260 _aLondon :
_bMethuen,
_cc 1966 [Reprinted 1971].
300 _a3-280 p. ;
_c20 cm.
350 _a£1.60
504 _aBibliography: p. 277-278. and index.
650 0 _aWorld politics
_y1945-1989.
_974882
700 1 _aHenderson, James Lewis,
_974883
942 _2ddc
_cBK
999 _c24319
_d24319